[Event "Challenge"]
[Site "http://www.queenalice.com/game.php?id=251385"]
[Date "2007.8.5"]
[Round "-"]
[White "robertolanger"]
[Black "Fim"]
[Result "0-1"]
[WhiteElo "1329"]
[BlackElo "1283"]

1. e3 e5 2. Nc3 c6 3. e4 Nf6 4. d3 Bc5 5. Na4 d6 6. Bd2 Na6 7. c3 O-O 8. d4 exd4
9. c4 Nxe4 10. Nh3 Re8 11. Qh5 Nf6+ 12. Qe2 Rxe2+ 13. Bxe2 Bxh3 14. gxh3 Bb4 15.
O-O-O Bxd2+ 16. Rxd2 c5 17. Rg1 Ne4 18. Bd3 Nxd2 19. Kxd2 Qa5+ 20. Nc3 Nb4 21.
a3 Na2 22. b4 Qxa3 23. Nb5 Qxb4+ 24. Ke2 Nc3+ 25. Kf3 d5 26. Nc7 Rd8 27. cxd5
Nxd5 28. Rb1 Qc3 29. Nxd5 Qxd3+ 30. Kf4 Rxd5 31. Rxb7 g5+ 32. Kg4 h5+ 33. Kxh5
Qxh3# 0-1

[Event "Challenge"]
[Site "http://www.queenalice.com/game.php?id=251993"]
[Date "2007.8.7"]
[Round "-"]
[White "Fim"]
[Black "robertolanger"]
[Result "1-0"]
[WhiteElo "1265"]
[BlackElo "1322"]

1. e4 e5 2. Nf3 d6 3. Nc3 Bg4 4. Be2 Nc6 5. Bb5 Nf6 6. h3 Bxf3 7. Qxf3 Qd7 8. d3
a6 9. Bxc6 Qxc6 10. O-O b5 11. Bg5 Be7 12. Rac1 O-O-O 13. Nd5 Qd7 14. Nxf6 Bxf6
15. Bxf6 gxf6 16. Qxf6 c5 17. c4 b4 18. b3 a5 19. Rcd1 a4 20. bxa4 Qxa4 21. Qxf7
Qxa2 22. Ra1 Qd2 23. Ra8# 1-0

[Event "Challenge"]
[Site "http://www.queenalice.com/game.php?id=267815"]
[Date "2007.9.6"]
[Round "-"]
[White "Fim"]
[Black "Gloria"]
[Result "0-1"]
[WhiteElo "1305"]
[BlackElo "1822"]

1. e4 c5 2. c4 Nc6 3. Nf3 Nf6 4. e5 Ng4 5. h3 Ngxe5 6. d3 Qa5+ 7. Bd2 Nxf3+ 8.
gxf3 Qb6 9. b3 e6 10. Bc3 d5 11. cxd5 exd5 12. Qe2+ Be6 13. Na3 O-O-O 14. f4 d4
15. Bd2 Bd6 16. Bg2 Rhe8 17. O-O Kb8 18. Qh5 g6 19. Qxh7 Rh8 20. Qg7 Rdg8 21.
Qf6 Be7 22. Nc4 Bxc4 23. Qxh8 Rxh8 24. dxc4 Qc7 25. a3 Bd6 26. Rad1 Bxf4 27.
Bxf4 Qxf4 28. Rd3 Ne5 29. Rg3 g5 30. Bd5 g4 31. Bg2 gxh3 32. Bxh3 Nf3+ 33. Kg2
Ng5 34. Rg4 Qf3+ 35. Kg1 Nxh3+ 36. Kh2 Nxf2+ 37. Rh4 Rxh4+ 38. Kg1 Rh1# 0-1

[Event "Challenge"]
[Site "http://www.queenalice.com/game.php?id=270375"]
[Date "2007.9.11"]
[Round "-"]
[White "Gloria"]
[Black "Fim"]
[Result "1-0"]
[WhiteElo "1916"]
[BlackElo "1303"]

1. e4 e5 2. d4 exd4 3. Qxd4 Nc6 4. Qe3 Be7 5. Nc3 Nf6 6. Bd2 d5 7. exd5 Nxd5 8.
Nxd5 Qxd5 9. Ne2 Qe5 10. O-O-O Qxe3 11. Bxe3 O-O 12. Bf4 Bd6 13. Bxd6 cxd6 14.
Rxd6 Rd8 15. Rxd8+ Nxd8 16. Nd4 Bd7 17. Bb5 Bc6 18. Nxc6 bxc6 19. Ba4 c5 20. Re1
Ne6 21. Bd7 Nc7 22. Bc6 Rb8 23. Re7 Rc8 24. Bb7 Nd5 25. Bxd5 Rd8 26. Bxf7+ Kh8
27. Re8+ Rxe8 28. Bxe8 g5 29. Kd2 Kg7 30. Kd3 Kf8 31. Kc4 Kxe8 32. Kxc5 h5 33.
Kb5 g4 34. Ka6 Ke7 35. Kxa7 Ke6 36. b4 Ke5 37. b5 Kf4 38. b6 h4 39. b7 h3 40.
b8=Q+ Ke4 41. g3 Kf3 42. Qf4+ Kg2 43. Qxg4 Kxh2 44. f4 Kg2 45. f5 Kh2 46. f6 Kg2
47. f7 Kh2 48. f8=Q Kg2 49. Qa8+ Kh2 50. Qe2+ Kxg3 51. Qaf3+ Kh4 52. Qef2+ Kg5
53. Q2g3+ Kh6 54. Qff4+ Kh5 55. Qfh4# 1-0

[Event "Brunei I"]
[Site "http://www.queenalice.com/game.php?id=290162"]
[Date "2007.10.20"]
[Round "-"]
[White "Fim"]
[Black "Alice"]
[Result "1-0"]
[WhiteElo "1292"]
[BlackElo "1229"]

1. e4 e6 2. Nc3 b6 3. e5 Bb7 4. Nf3 h6 5. Bc4 d5 6. exd6 Bxd6 7. d4 Ne7 8. O-O
c6 9. a4 O-O 10. Qe2 b5 11. axb5 cxb5 12. Bxb5 a6 13. Ba4 Qa5 14. Bd2 Qf5 15.
Nh4 Qf6 16. g3 Qxd4 17. Rad1 Qc5 18. Be3 Qa5 19. Rxd6 Qc7 20. Rd4 Nbc6 21. Bxc6
Qxc6 22. f3 Nd5 23. Nxd5 exd5 24. Rfd1 Rfe8 25. Qf2 Re6 26. Nf5 Qb5 27. Bc1 Rc8
28. c3 Qb3 29. Rxd5 Bxd5 30. Qd4 Rd8 31. Qxg7# 1-0

[Event "Brunei II"]
[Site "http://www.queenalice.com/game.php?id=290163"]
[Date "2007.10.20"]
[Round "-"]
[White "Alice"]
[Black "Fim"]
[Result "1-0"]
[WhiteElo "1167"]
[BlackElo "1314"]

1. e3 e5 2. b3 e4 3. Bb2 Nf6 4. g3 Bc5 5. d4 exd3 6. Bxd3 Nc6 7. Na3 O-O 8. Qd2
d5 9. h4 Re8 10. O-O-O Ng4 11. Re1 d4 12. exd4 Bxa3 13. Bxa3 Nxd4 14. Bb2 Rxe1+
15. Qxe1 Be6 16. Qe4 Nxf2 17. Qxd4 Nxh1 18. Qxg7# 1-0

[Event "Poirot x Fim"]
[Site "http://www.queenalice.com/game.php?id=530658"]
[Date "2009.1.28"]
[Round "-"]
[White "Poirot"]
[Black "Fim"]
[Result "1-0"]
[WhiteElo "1880"]
[BlackElo "1307"]

1. e4 e5 2. Nf3 Nc6 3. Bb5 Qf6 4. c3 Bc5 5. O-O g5 6. h3 h6 7. d3 a6 8. Ba4 b5
9. Bb3 Bb7 10. a3 Nge7 11. Ba2 O-O-O 12. b4 Bb6 13. Qb3 1-0

[Event "Fim x Poirot"]
[Site "http://www.queenalice.com/game.php?id=530659"]
[Date "2009.1.28"]
[Round "-"]
[White "Fim"]
[Black "Poirot"]
[Result "0-1"]
[WhiteElo "1305"]
[BlackElo "1882"]

1. e4 e5 2. Nf3 Nc6 3. Bb5 a6 4. Bxc6 dxc6 5. Nxe5 Nf6 6. Nc3 Bb4 7. Qf3 O-O 8.
a3 Bd6 9. Nc4 Bc5 10. h3 Re8 11. O-O Be6 12. Ne5 Bxh3 0-1

[Event "Challenge"]
[Site "http://www.queenalice.com/game.php?id=556204"]
[Date "2009.3.14"]
[Round "-"]
[White "YuGi"]
[Black "Fim"]
[Result "0-1"]
[WhiteElo "1338"]
[BlackElo "1320"]

1. e3 e5 2. Bc4 e4 3. Qh5 Qf6 4. b3 g6 5. Qd5 Qe7 6. Bb2 Nf6 7. Na3 Nxd5 8. Bxh8
Nb4 9. O-O-O Nxa2+ 10. Kb2 Qxa3+ 11. Kb1 Nc6 12. Bb2 Qa5 13. c3 Ba3 14. b4 Qa4
15. Rc1 Nxc1 16. Bxc1 Bxc1 17. Kxc1 Ne5 18. Bd5 Nd3+ 19. Kb1 Qd1+ 20. Ka2 Qc2+
21. Ka3 Qb2+ 22. Ka4 Qa1+ 23. Kb5 Qa6# 0-1

[Event "Challenge"]
[Site "http://www.queenalice.com/game.php?id=1115145"]
[Date "2012.10.22"]
[Round "-"]
[White "vangogh"]
[Black "Fim"]
[Result "0-1"]
[WhiteElo "1402"]
[BlackElo "1337"]

1. e4 e5 2. Nf3 Nc6 3. d3 Nf6 4. c4 Bc5 5. Be3 Bxe3 6. fxe3 d6 7. Nc3 Ng4 8. h3
Nxe3 9. Qb3 Nxf1 10. Rxf1 Nd4 11. Qd1 O-O 12. g4 Nxf3+ 13. Qxf3 Qh4+ 14. Rf2 Be6
15. Nb5 Qd8 16. Rh2 c6 17. Nc3 a5 18. a4 Qb6 19. Ne2 Qxb2 20. Rc1 Qb4+ 21. Nc3
Qa3 22. Rb1 Qxc3+ 23. Kf1 Bxc4 24. Rd1 Bb3 25. Re1 Bxa4 26. g5 Bb5 27. Rd1 Ba4
28. Rb1 b5 29. Qf5 Qxd3+ 30. Kg2 Qxb1 31. Qd7 Qxe4+ 32. Kg3 Qf4+ 33. Kg2 Qxg5+
34. Kf2 Qf4+ 35. Kg2 Qg5+ 36. Kf3 Bd1+ 37. Ke4 Qf4+ 38. Kd3 e4+ 39. Kd4 e3+ 40.
Kd3 Qxh2 41. Kxe3 Rae8+ 42. Kd3 Qe2+ 43. Kc3 Re3+ 44. Kd4 Qd3# 0-1